Economic contributions of Amartya Sen (<sup>) (Registro nro. 12297)

Detalles MARC
000 -CABECERA
Campo de control 005430000a22001810004500
090 ## - CLASIFICACIÓN LOCAL
Colección AR
Consecutivo 03243
041 0# - IDIOMA
Código de idioma para texto/pista de sonido o título separado
100 1# - ASIENTO PRINCIPAL--NOMBRE PERSONAL
Nombre personal Pressman, Steven
245 10 - MENCION DE TITULO
Título Economic contributions of Amartya Sen (<sup>)
500 ## - NOTA GENERAL
Nota general <Valoración y equidad>
650 14 - ASIENTO SECUNDARIO DE MATERIA - TERMINO TEMATICO
Término temático o nombre geográfico como elemento de entrada Economía
650 14 - ASIENTO SECUNDARIO DE MATERIA - TERMINO TEMATICO
Término temático o nombre geográfico como elemento de entrada Equidad
650 14 - ASIENTO SECUNDARIO DE MATERIA - TERMINO TEMATICO
Término temático o nombre geográfico como elemento de entrada Modelos de desarrollo
650 14 - ASIENTO SECUNDARIO DE MATERIA - TERMINO TEMATICO
Término temático o nombre geográfico como elemento de entrada Equidad de género
650 14 - ASIENTO SECUNDARIO DE MATERIA - TERMINO TEMATICO
Término temático o nombre geográfico como elemento de entrada Distribución de beneficios
773 1# - Item fuente:
Título Review of Political Economy
Especificación de materiales 1430
Descripción física 1
Paginas del Articulo 89-114
Lugar, editorial y fecha de publicación 2000
Información sobre la relación 12
942 ## - ELEMENTOS ADICIONALES (KOHA)
Tipo de ítem Artículo
Existencias
Withdrawn status Lost status Damaged status No para préstamo Colección Ubicación Permanente Ubicación actual Fecha de adquisición Fuente de Valor Datos de publicación Seriada Total Checkouts Número topográfico Inventario / Código de Barras Date last seen Ejemplar Price effective from Forma de adquisición Tipo de material
      No para Préstamo Hemeroteca Bogotá Bogotá 27/02/2015 Uso y Valoración Fuera de circulación   AR 03243 013999 25/03/2015 1 25/03/2015   Artículo